[Event "Charleville Mezieres op 14th"]
[Site "Charleville Mezieres"]
[Date "2017.12.26"]
[Round "3"]
[White "Londers, Jan"]
[Black "Regnier, Cedric"]
[Result "1-0"]
[WhiteElo "1740"]
[BlackElo "1479"]
[PlyCount "43"]
[EventDate "2017.12.26"]
[EventType "swiss"]
[EventRounds "7"]
[EventCountry "FRA"]
[SourceTitle "CBM 182 Extra"]
[Source "ChessBase"]
[SourceDate "2018.02.23"]
[SourceVersion "1"]
[SourceVersionDate "2018.02.23"]
[SourceQuality "1"]

1. e4 c6 2. Nf3 d5 3. Nc3 Bg4 4. h3 Bh5 5. g4 Bg6 6. exd5 cxd5 7. Bb5+ Nc6 8. Ne5 Qd6 9. d4 0-0-0 10. Bf4 Qe6 11. Bxc6 bxc6 12. 0-0 h5 13. Qe2 hxg4 14. Qa6+ Kc7 15. Nxf7+ Kd7 16. Qb7+ Ke8 17. Nxd8 Qf6 18. Qxc6+ Qxc6 19. Nxc6 gxh3 20. Kh2 Nf6 21. f3 Kd7 22. Ne5+ 1-0

[Event "Charleville Mezieres op 11th"]
[Site "Charleville Mezieres"]
[Date "2014.??.??"]
[Round "7"]
[White "Marini, Franck"]
[Black "Regnier, Cedric"]
[Result "0-1"]
[WhiteElo "1587"]
[BlackElo "1596"]
[PlyCount "84"]
[EventDate "2014.12.26"]
[EventType "swiss"]
[EventRounds "7"]
[EventCountry "FRA"]
[SourceTitle "CBM 164 Extra"]
[Source "ChessBase"]
[SourceDate "2015.03.02"]
[SourceVersion "1"]
[SourceVersionDate "2015.03.02"]
[SourceQuality "1"]

1. d4 Nf6 2. c4 e6 3. Nc3 Bb4 4. Qc2 c5 5. dxc5 0-0 6. Bg5 Bxc5 7. e3 b6 8. Nf3 Bb7 9. Be2 Be7 10. 0-0 Qc7 11. Bf4 Qd8 12. Nb5 Nh5 13. Bd6 Na6 14. Rfd1 Nf6 15. Bxe7 Qxe7 16. Nd6 Nc5 17. b4 Be4 18. Nxe4 Ncxe4 19. Bd3 Nd6 20. e4 e5 21. c5 Nb7 22. Ba6 Rab8 23. Bxb7 Rxb7 24. c6 Rc7 25. b5 dxc6 26. bxc6 Rfc8 27. Rac1 Rxc6 28. Qxc6 Rxc6 29. Rxc6 h6 30. Rdc1 Qa3 31. R1c2 Qd3 32. h3 Qxe4 33. R6c4 Qd5 34. Nd2 Nh5 35. g3 f5 36. R4c3 e4 37. Re3 Nf6 38. Kg2 Kh7 39. Nb3 g5 40. Rd2 Qe5 41. Nd4 f4 42. gxf4 gxf4 0-1

[Event "Blagny op 4th"]
[Site "Blagny"]
[Date "2012.04.07"]
[Round "1.3"]
[White "Picard, Serge"]
[Black "Regnier, Cedric"]
[Result "1-0"]
[WhiteElo "2098"]
[BlackElo "1710"]
[PlyCount "39"]
[EventDate "2012.03.??"]
[EventType "swiss"]
[EventRounds "6"]
[EventCountry "FRA"]
[SourceTitle "EXT 2014"]
[Source "ChessBase"]
[SourceDate "2013.11.20"]
[SourceVersion "1"]
[SourceVersionDate "2013.11.20"]
[SourceQuality "1"]

1. e4 c5 2. Nf3 d6 3. d4 cxd4 4. Nxd4 Nf6 5. Nc3 a6 6. Bc4 g6 7. Be3 Bg7 8. Qd2 0-0 9. Bh6 Nbd7 10. 0-0-0 Nc5 11. f3 b5 12. Bxg7 Kxg7 13. Bd5 Bb7 14. Bxb7 Nxb7 15. h4 Rc8 16. h5 b4 17. hxg6 bxc3 18. Qh6+ Kg8 19. Nf5 cxb2+ 20. Kb1 1-0